Quiz o Zjednoczonych Emiratach Arabskich - Statystyki

Ogólne statystyki
  • Ten quiz został rozwiązany 2 657 razy
  • Średni wynik to 11 z 20
Statystyki odpowiedzi
Wskazówka Odpoiedź % Poprawnych
Najludniejsze miasto Dubaj
96%
Państwa graniczące Arabia Saudyjska
88%
Stolica Abu Zabi
87%
Oficjalny język arabski
85%
Państwa graniczące Oman
81%
Najwyższy budynek na świecie Burdż Chalifa
79%
Zatoka, nad którą leżą ZEA Zatoka {Perska}
72%
Burj Al Arab został opisany jako jedyny ____ z siedmioma gwiazdkami na świecie Hotel
64%
Największy eksport Ropa naftowa
62%
Państwo, od którego ZEA uzyskały niepodległość w 1971 roku Wielka Brytania
56%
Muzułmanin przyłapany na piciu alkoholu może zostać ukarany nawetosiemdziesięcioma ... Batami
48%
W tym państwie urodziło się ponad dwukrotnie więcej mieszkańców ZEA niż w samych ZEA Indie
44%
Powyższe miasto jest trzecim najbardziej ruchliwym ____ na świecie,ustępując jedynie Atlancie i Pekinowi Lotniskiem
44%
Mall of the Emirates jest jednym z niewielu miejsc, w których można to zrobić w pomieszczeniach Jeździć na{nartach}
34%
Tytuł używany przez władców siedmiu poszczególnych emiratów (wskazówka: nie Emir) Szejk
33%
Popularny sport, który kiedyś zatrudniał dzieci, ale teraz wykorzystuje roboty Wyścigi {wielbłądów}
32%
Waluta Dirham
27%
Rodzaj ptaka widniejący na godle państwowym Sokół
25%
Park rozrywki z motywami automatycznymi, w którym znajduje się najszybsza kolejka górska na świecie {Ferrari} World
16%
Trzecie najludniejsze miasto Szardża
15%
Nie znaleziono quizów pasujących do podanych kryteriów
Rozkład punktacji
Procent ludzi z każdym wynikiem
Percentyl według liczby udzielonych odpowiedzi
Twoja historia wyników
Nie rozwiązałeś tego quizu